| 000 | 00855nas a2200265 4500 | ||
|---|---|---|---|
| 001 | BR9904927 | ||
| 003 | BR-BrBNA | ||
| 005 | 20231205101628.0 | ||
| 007 | ta | ||
| 008 | 230509b bl.|||p| |||| 00| 00por d | ||
| 040 |
_aBR-BrBNA _bpor _cBiblioteca Nacional de Agricultura |
||
| 041 | _a(Pt) | ||
| 072 | _aP11 | ||
| 100 | 1 | _aQueiroz, J.E. | |
| 100 | 1 | _aCruciani, D.E. | |
| 100 | 1 | _aLibardi, P.L. | |
| 245 | 1 | _aVariabilidade espacial da porosidade drenavel de um solo de varzea, no municipio de Piracicaba, Estado de Sao Paulo | |
| 650 | _aDrenagem Subterranea | ||
| 650 | _aPorosidade | ||
| 650 | _aVarzea | ||
| 650 | _aSao Paulo | ||
| 773 | 0 |
_tRevista Brasileira de Engenharia Agricola e Ambiental (Brazil) _xISSN 1415-4366 _g(May-Aug 1999), v. 3(2) p. 135-139 _wBR9904927 |
|
| 909 |
_a202311 _bLúcia _c55 _dLúcia Elande |
||
| 942 |
_2AGRIS _n0 _cANA |
||
| 999 |
_c162905 _d162905 |
||